书目信息 |
| 题名: |
国际商务与关税减让
|
|
| 作者: | 余乐芬 , 唐静 著 | |
| 分册: | ||
| 出版信息: | 北京 人民出版社 2005.01 |
|
| 页数: | 344页 | |
| 开本: | 20cm | |
| 丛书名: | 国际商务前沿丛书 | |
| 单 册: | ||
| 中图分类: | F752.50 | |
| 科图分类: | ||
| 主题词: | 对外贸易--世界 | |
| 电子资源: | ||
| ISBN: | 7-01-004681-6 | |
| 000 | 00680nam0 2200229 450 | |
| 001 | 1131691874 | |
| 005 | 20110417084908.25 | |
| 010 | @a7-01-004681-6@dCNY26.00 | |
| 100 | @a20110417d2005 km y0chiy0120 ea | |
| 101 | 0 | @achi |
| 102 | @aCN@b110000 | |
| 200 | 1 | @a国际商务与关税减让@Aguo ji shang wu yu guan shui jian rang@f余乐芬,唐静著@Fyu yue fen,tang jing zhu |
| 210 | @a北京@c人民出版社@d2005.01 | |
| 215 | @a344页@d20cm | |
| 225 | 2 | @a国际商务前沿丛书 |
| 410 | 0 | @12001 @a国际商务前沿丛书 |
| 606 | 0 | @a对外贸易@x世界 |
| 690 | @aF752.50@v5 | |
| 701 | 0 | @a余乐芬@Ayu yue fen@4著 |
| 701 | 0 | @a唐静@Atang jing@4著 |
| 801 | 0 | @aCN@bNISOFT@c20110417 |
| 905 | @aBZT@dF752.50@e2 | |
| 国际商务与关税减让/余乐芬,唐静著.-北京:人民出版社,2005.01 |
| 344页;20cm.-(国际商务前沿丛书) |
| ISBN 7-01-004681-6:CNY26.00 |
| ● |
| 相关链接 |
|
|
|
正题名:国际商务与关税减让
索取号:F752.50/2
 
预约/预借
| 序号 | 登录号 | 条形码 | 馆藏地/架位号 | 状态 | 备注 |
| 1 | 774208 | 2000774208 | 中心书库北库/ 北库037架B面5列4层33/ [索取号:F752.50/2] | 在馆 | |
| 2 | 774209 | 2000774209 | 中心书库北库/ 北库037架B面5列4层34/ [索取号:F752.50/2] | 在馆 | |
| 3 | 774210 | 2000774210 | 中心书库北库/ 北库037架B面5列4层35/ [索取号:F752.50/2] | 在馆 | |
| 4 | 774211 | 2000774211 | 中心书库北库/ 北库037架B面5列4层29/ [索取号:F752.50/2] | 在馆 | |
| 5 | 774212 | 2000774212 | 中心书库北库/ 北库037架B面5列4层30/ [索取号:F752.50/2] | 在馆 | |
| 6 | 774213 | 2000774213 | 中心书库北库/ 北库037架B面5列4层32/ [索取号:F752.50/2] | 在馆 | |
| 7 | 774214 | 2000774214 | 中心书库北库/ 北库037架B面5列4层31/ [索取号:F752.50/2] | 在馆 | |
| 8 | 774215 | 2000774215 | 中心书库北库/ 北库037架B面5列4层26/ [索取号:F752.50/2] | 在馆 | |
| 9 | 774216 | 2000774216 | 中心书库北库/ 北库037架B面5列4层27/ [索取号:F752.50/2] | 在馆 | |
| 10 | 774217 | 2000774217 | 中心书库北库/ 北库037架B面5列4层28/ [索取号:F752.50/2] | 在馆 |